Primi 15 paesi interessati da Covid-19 - 29 dicembre 2021 - Statistics

Statistiche generali
  • Questo quiz è stato fatto 8 volte
  • Il punteggio medio è 11 su 28
Statistiche sulle risposte
paese % Corretto
India
100%
Russia
100%
Stati Uniti
100%
Francia
86%
Italia
86%
Spagna
86%
Brasile
71%
Regno Unito
71%
Argentina
57%
Germania
57%
Indonesia
43%
Polonia
43%
Colombia
29%
Iran
29%
Turchia
29%
Belgio
14%
Cechia
14%
Croazia
14%
Israele
14%
Paesi Bassi
14%
Slovacchia
14%
Slovenia
14%
Bahrain
0%
Estonia
0%
Georgia
0%
Lettonia
0%
Lituania
0%
Serbia
0%
Nessun quiz corrispondente trovato
Distribuzione punteggi
Percentuale di utenti per punteggio
Percentile per numero di risposta
I tuoi punteggi nel tempo
Non hai fatto questo quiz